00562nam a22001457a 4500003000400000005001700004008004100021040001400062100002100076245015600097260000900253300002800262500009900290504002700389OSt20171010095459.0120720t xxu||||| |||| 00| 0 eng d aMMSUcULS aGladys B. Ilaga  aAnticholesterolemic property of bignay (Antidesma bunius (L.) Sprengel) fruit extract on cholesterol-fed white mice (Mus musculus L.)cGladys B. Ilaga  c2008 axiv, 28 leaves c28 cm. aThesis (BS Biology) -- Mariano Marcos State University-College of Arts & Sciences, Batac City  aBibliography: leaf 20